Hrvatska na M - Statistics

General Stats
  • This quiz has been taken 1 640 times
  • The average score is 8 of 16
Answer Stats
Hint Answer % Correct
Hrvatski dobitnik FIFA-ine nagrade za Igrača godine (prezime) Luka Modrić
92%
Pjevač koji iz jednog pogleda doznaje sve Massimo
82%
Dalmatinski grad kojeg krasi park šuma sv. Petar Makarska
80%
Istarski grad na brdu Motovun
72%
Hrvatski otok s istoimenim nacionalnim parkom Mljet
70%
Rijeka koja prolazi gradom četiriju rijeka Mrežnica
62%
Vinkovački bend kojeg predvodi Goran Bare Majke
60%
Obitelj plave krvi iz koje dolaze pisci djela Smrt Smail-age Čengića i Priče iz davnina Mažuranić
60%
Najpopularnije žensko ime za djecu rođenu 2019. Mia
60%
Najprodavaniji hrvatski glazbenik svih vremena (prvo ime) Mišo Kovač
52%
Film o Krpi, Kizi, Deju i Filipu Metastaze
50%
Planina koja se proteže od Kliških vrata do doline Cetine Mosor
47%
Operacija koju je HV izvela u okolici Gospića od 9. do 11. rujna 1993. Medački džep
19%
Hrvatski knez koji je prethodio Tomislavu Muncimir
18%
Mons Claudius je latinsko ime ove gore, u blizini Kutine i Garešnice Moslavačka gora
17%
Najpoznatiji roman Slobodana Novaka Mirisi, zlato i tamjan
10%
No matching quizzes found
Score Distribution
Percent of People with Each Score
Percentile by Number Answered
Your Score History
You have not taken this quiz